Luyện nói, thảo luận
Giới thiệu các từ vựng và giải nghĩa theo từng chủ đề , đưa ra các chủ đề và tình huống để thảo luận như thôn quê và thành thị, tình yêu, may mắn và xui xẻo, quảng cáo , nhanh và chậm, thời thơ ấu nhằm nâng cao kỹ năng nói và phản biện...
Đã lưu trong:
| Tác giả chính: | |
|---|---|
| Định dạng: | Sách |
| Năm xuất bản: |
Tp.Hồ Chí Minh
Nxb Trẻ
1999
|
| Chủ đề: | |
| Tags: |
Thêm thẻ
Không có thẻ, Hãy là người đầu tiên gắn thẻ bản ghi này!
|
| LEADER | 01213nam a2200205 4500 | ||
|---|---|---|---|
| 999 | |c 5266 |d 5266 | ||
| 082 | |a 428.3 |b R104S | ||
| 100 | |a Gaynor Ramsey | ||
| 245 | |a Luyện nói, thảo luận |c Gaynor Ramsey, Hilary Rees, Parnall | ||
| 260 | |a Tp.Hồ Chí Minh |b Nxb Trẻ |c 1999 | ||
| 300 | |a 139 tr. |c 21 cm | ||
| 520 | |a Giới thiệu các từ vựng và giải nghĩa theo từng chủ đề , đưa ra các chủ đề và tình huống để thảo luận như thôn quê và thành thị, tình yêu, may mắn và xui xẻo, quảng cáo , nhanh và chậm, thời thơ ấu nhằm nâng cao kỹ năng nói và phản biện | ||
| 653 | |a Ngôn ngữ | ||
| 653 | |a Tiếng Anh | ||
| 653 | |a Luyện nói | ||
| 653 | |a Thảo luận | ||
| 942 | |2 ddc |c STK0 | ||
| 952 | |0 0 |1 0 |2 ddc |4 0 |6 428_300000000000000_R104S |7 0 |8 400 |9 50708 |a qbu |b qbu |c D4 |d 2014-12-22 |g 12000 |o 428.3 R104S |p 2592.C1 |r 0000-00-00 |w 2014-12-22 |y STK0 | ||
| 952 | |0 0 |1 0 |2 ddc |4 0 |6 428_300000000000000_R104S |7 0 |8 400 |9 50709 |a qbu |b qbu |c D4 |d 2014-12-22 |g 12000 |o 428.3 R104S |p 2592.C2 |r 0000-00-00 |w 2014-12-22 |y STK0 | ||
| 952 | |0 0 |1 0 |2 ddc |4 0 |6 428_300000000000000_R104S |7 0 |8 400 |9 50710 |a qbu |b qbu |c D4 |d 2014-12-22 |g 12000 |o 428.3 R104S |p 2592.C3 |r 0000-00-00 |w 2014-12-22 |y STK0 | ||